000 01012nam a2200277Ia 4500
003 OSt
005 20221005105008.0
006 a|||||r|||| 00| 0
007 ta
008 221004b |||||||| |||| 00| 0 hin d
020 _a9788185999616 (hbk)
_c390
024 _a7066
037 _b147, 29/08/2013, Swaraj Prakashan
_cTextual
040 _aCRL
_cCRL
_bhin
041 _2hin
_ahin
082 _aO157,1M13w, 152Q0
100 _aदासी, राससुंदरी
245 0 _aमेरा जीवन
246 _aMerā jīvana
260 _aदिल्ली
_bस्वराज प्रकाशन भारत
_c2010
300 _a144पृ0
_ccm.
650 _aबंगाली साहित्य
700 _a सुधा सिंह, संपा.
942 _hO157,1M13w, 152Q0
_cTEXL
_2cc
999 _c1014416
_d1014416